Pervasive information architecture : (Record no. 19915)

MARC details
000 -LEADER
fixed length control field 01059cam a22002895a 4500
001 - CONTROL NUMBER
control field 16591389
005 - DATE AND TIME OF LATEST TRANSACTION
control field 20151104093630.0
008 - FIXED-LENGTH DATA ELEMENTS--GENERAL INFORMATION
fixed length control field 101227t2011 maua frb 001 0 eng d
020 ## - INTERNATIONAL STANDARD BOOK NUMBER
International Standard Book Number 9780123820945
040 ## - CATALOGING SOURCE
Original cataloging agency DLC
Language of cataloging eng
Transcribing agency DLC
Modifying agency EG-ScBUE
-- EG-ScBUE
082 04 - DEWEY DECIMAL CLASSIFICATION NUMBER
Classification number 005.1
Item number RES
Edition number 22
100 1# - MAIN ENTRY--PERSONAL NAME
Personal name Resmini, Andrea.
9 (RLIN) 38665
245 10 - TITLE STATEMENT
Title Pervasive information architecture :
Remainder of title designing cross-channel user experiences /
Statement of responsibility, etc Andrea Resmini and Luca Rosati.
260 ## - PUBLICATION, DISTRIBUTION, ETC. (IMPRINT)
Place of publication, distribution, etc Burlington :
Name of publisher, distributor, etc Morgan Kaufmann / Elsevier,
Date of publication, distribution, etc c.2011.
300 ## - PHYSICAL DESCRIPTION
Extent xxi, 250 p. :
Other physical details ill. (some col.) ;
Dimensions 24 cm.
500 ## - GENERAL NOTE
General note Index : p. 243-250.
504 ## - BIBLIOGRAPHY, ETC. NOTE
Bibliography, etc Bibliography : p. 231-242.
650 #0 - SUBJECT ADDED ENTRY--TOPICAL TERM
Topical term or geographic name as entry element Ubiquitous computing.
Source of heading or term BUEsh
650 #0 - SUBJECT ADDED ENTRY--TOPICAL TERM
Topical term or geographic name as entry element User interfaces (Computer systems)
Source of heading or term BUEsh
650 #0 - SUBJECT ADDED ENTRY--TOPICAL TERM
Topical term or geographic name as entry element Information technology.
Source of heading or term BUEsh
650 #0 - SUBJECT ADDED ENTRY--TOPICAL TERM
Topical term or geographic name as entry element Information storage and retrieval systems
General subdivision Architecture.
Source of heading or term BUEsh
650 #0 - SUBJECT ADDED ENTRY--TOPICAL TERM
Topical term or geographic name as entry element Cross-platform software development.
Source of heading or term BUEsh
651 ## - SUBJECT ADDED ENTRY--GEOGRAPHIC NAME
Source of heading or term BUEsh
653 ## - INDEX TERM--UNCONTROLLED
Resource For college Informatics and Computer Science
Arrived date list June2015
-- November2015
700 1# - ADDED ENTRY--PERSONAL NAME
Personal name Rosati, Luca,
Dates associated with a name 1971-
942 ## - ADDED ENTRY ELEMENTS (KOHA)
Source of classification or shelving scheme Dewey Decimal Classification
Holdings
Withdrawn status Lost status Source of classification or shelving scheme Damaged status Not for loan Koha collection Home library Current library Shelving location Date acquired Source of acquisition Cost, normal purchase price Serial Enumeration / chronology Total Checkouts Full call number Barcode Date last seen Cost, replacement price Koha item type
    Dewey Decimal Classification     Alahram Central Library Central Library Lower Floor 24/06/2015 Purchase 276.00 311   005.1 RES 000039098 15/07/2025 345.00 Book - Borrowing